| 000 | 00581cam a22002052 4500 | ||
|---|---|---|---|
| 001 | 0000020413 | ||
| 005 | 20151217152214.0 | ||
| 008 | 110916s xx 000 0 eng d | ||
| 020 | _a0853696537 | ||
| 040 |
_aKABU _cKABU |
||
| 100 | 1 |
_aMason, Pamela. _@0000180654 |
|
| 245 | 1 | 0 |
_aDietary supplements / _cPamela Mason. |
| 250 | _a3rd ed. | ||
| 260 |
_aLondon : _bPharmaceutical Press, _c20097. |
||
| 300 | _axxii, 387 p. | ||
| 650 | 0 |
_aDietary supplements. _@0000180655 |
|
| 852 | 1 | _9p7500 KES | |
| 908 | _a110916 | ||
| 950 | _@1 | ||
| 999 |
_c9318 _d9318 |
||